Technológia obnovy pamiatok I.
Na minha lista:
| Autor principal: | |
|---|---|
| Formato: | Livro |
| Idioma: | eslovaco |
| Publicado em: |
Bratislava :
Renesans,
2007
|
| Tags: |
Sem tags, seja o primeiro a adicionar uma tag!
|
MARC
| LEADER | 00000nam a22000003a 4500 | ||
|---|---|---|---|
| 001 | stu157053 | ||
| 005 | 20221212133754.0 | ||
| 008 | 080204s2007----xo------------------slo-d | ||
| 040 | |a STU |b slo | ||
| 041 | 0 | |a slo | |
| 044 | |a xo | ||
| 100 | 1 | |a Makýš, Oto, |d 1962- |4 aut |u V270 |9 100 |U SvF Stavebná fakulta |T SvF Katedra technológie stavieb |X 832 |U V270 |Y 28 |7 A000000832 | |
| 245 | 1 | |a Technológia obnovy pamiatok I. | |
| 260 | |a Bratislava : |b Renesans, |c 2007 | ||
| 300 | |a 56 s. | ||
| 996 | |b 284V032678 |c V*9079/K-2223a |l VVT |s A |a 24 |w stu157053_0001 | ||
| 996 | |b 284V032677 |c V*9078/K-2223 |l VVT |s A |a 24 |w stu157053_0002 | ||